000 01264nam a22002537a 4500
999 _c60843
_d60843
003 Ge_BSU
005 20231106172927.0
008 231106s2022 ge ||||| |||| 00| 0 geo d
020 _a9789941850219
041 _ageo
080 _a008(-11)+ 821.512.161.09-1 ჯ-14
100 _aჯაველიძე, ელიზბარ
_917629
245 _a"დივანის ლიტერატურა" = Divan Edebiyati :
_cელიზბარ ჯაველიძე; რედაქტორი ნინო კვიტაშვილი.
_bტ.3 /
264 _aთბილისი,
_c 2022.
300 _a372 გვ.;
_b26 სმ.
490 _aთურქულენოვან ტომთა ზნეობრივ-ესთეტიკური სამყარო
504 _aბიბლიოგრაფია: გვ. 355-367.
653 _aაღმოსავლეთმცოდნეობა
653 _aლიტერატურის ისტორია და კრიტიკა
653 _aთურქული პოეზია
700 _aკვიტაშვილი, ნინო
_eრედაქტორი
_920291
773 _tნაჩუქარი
942 _2udc
_cᲬᲘᲒᲜᲘ